Mô hình sinh kế giúp nhà nông giảm nghèo /

Đã lưu trong:
書目詳細資料
其他作者: Nguyễn Hà Anh (biên soạn.)
格式: Sách giấy
語言:Vietnamese
出版: H. : Văn hóa dân tộc, 2020.
叢編:Nông nghiệp xanh bền vững
主題:
標簽: 添加標簽
沒有標簽, 成為第一個標記此記錄!
Thư viện lưu trữ: Thư viện Trường Đại học Đà Lạt
LEADER 00906nam a2200325 4500
001 DLU210196411
005 ##20210521
020 # # |a 9786047027248 
040 # # |a DLU  |b vie 
041 # # |a vie 
044 # # |a vn 
082 # # |a 630  |b Moh 
245 # # |a Mô hình sinh kế giúp nhà nông giảm nghèo /  |c Nguyễn Hà Anh, Nguyễn Thanh Phong biên soạn. 
260 # # |a H. :  |b Văn hóa dân tộc,  |c 2020. 
300 # # |a 227 tr. :  |b minh họa;  |c 20 cm. 
490 # # |a Nông nghiệp xanh bền vững 
650 # # |a Nông nghiệp bền vữmg. 
700 # # |e biên soạn. 
700 # # |a Nguyễn Hà Anh,  |e biên soạn. 
923 # # |a 03/2020 
991 # # |a SH 
992 # # |a 95000 
994 # # |a DLU 
900 # # |a True 
911 # # |a Nguyễn Thanh Hương 
925 # # |a G 
926 # # |a A 
927 # # |a SH 
980 # # |a Thư viện Trường Đại học Đà Lạt